| 000 | 00372nam a22001457a 4500 | ||
|---|---|---|---|
| 020 | _a9788123916934 | ||
| 082 |
_a664. _bMOH/FO |
||
| 100 |
_aMohini,Sethi _9636 |
||
| 100 |
_aRao,Eram S. _9637 |
||
| 245 | _aFood Science; Experiments and Applications | ||
| 250 | _a2 nd | ||
| 260 |
_aNew Delhi _bCBS Publishers & Distributors Pvt. Ltd _c2005 |
||
| 300 | _a281 | ||
| 942 | _cBK | ||
| 999 |
_c14394 _d14394 |
||